00820 2200241 4500001002100000005001700021008004100038035002500079040001200104082001200116084002000128090002000148245021900168260002800387300003700415500004900452650001000501700001900511700001000530700001000540700001600550850001200566INLIS00000000000179420150209093602.0  a0010-021500000000078 aYOPDYOG a746.662 aNUS 746.662 Sis aNUS 746.662 Sis aSISI Berita : Warisan budaya leluhur, batik mega mendung berasal dari legenda Sunan Gunung Jati, Cirebon, Jawa Barat [rekaman video]c/ penanggung jawab Mahendra Wisnu ; editor, Putra, Indra ; produser Prita Laura. aJakartabMetro TVc2013 aDVD : digital, stereo ; 4 3/4 in aProgram Metro TV ; tanggal tayang 03/04/2013 aBatik aMahendra Wisnu aPutra aIndra aPrita Laura aYOPDYOG